PHARMACOLOGY AND PHARMACOTHERAPEUTICS (Record no. 7445)

MARC details
000 -LEADER
fixed length control field 00527nam a22001817a 4500
005 - DATE AND TIME OF LATEST TRANSACTION
control field 20240108163349.0
008 - FIXED-LENGTH DATA ELEMENTS--GENERAL INFORMATION
fixed length control field 210218b ||||| |||| 00| 0 eng d
020 ## - INTERNATIONAL STANDARD BOOK NUMBER
ISBN 978-81-312-5695-4
041 ## - LANGUAGE CODE
Language code of text/sound track or separate title eng
082 ## - DEWEY DECIMAL CLASSIFICATION NUMBER
Classification number 610.7
100 ## - MAIN ENTRY--AUTHOR NAME
Personal name SATOSKAR, R.S. RAGE , NIRMALA N , TRIPATHI RAAKHI K AND KAMAT SANDHYA K
245 ## - TITLE STATEMENT
Title PHARMACOLOGY AND PHARMACOTHERAPEUTICS
250 ## - EDITION STATEMENT
Edition statement 26TH, ED. 2021
260 ## - PUBLICATION, DISTRIBUTION, ETC. (IMPRINT)
Place of publication HARYANA
Name of publisher POPULLAR PRAKASHAN, [ELSEVIER]
300 ## - PHYSICAL DESCRIPTION
Number of Pages 1123, P
650 ## - SUBJECT ADDED ENTRY--TOPICAL TERM
Topical Term PHARMACY
General subdivision D.PHARMA
942 ## - ADDED ENTRY ELEMENTS (KOHA)
Koha item type Books
Holdings
Lost status Damaged status Collection code Home library Current library Shelving location Date acquired Source of acquisition Cost, normal purchase price Full call number Accession Number Koha item type
    PHARMACY JRU Library JRU Library Shelf - 22- A 18/02/2021 PURCHES / LBI - 1710 / 11-2-21 1325.00 610.7 25484 Books
    PHARMACY JRU Library JRU Library Shelf - 21- E 18/02/2021 PURCHES / LBI - 1710 / 11-2-21 1325.00 610.7 25485 Books
    PHARMACY JRU Library JRU Library Shelf - 21- E 18/02/2021 PURCHES / LBI - 1710 / 11-2-21 1325.00 610.7 25486 Books
    PHARMACY JRU Library JRU Library Shelf - 21- E 18/02/2021 PURCHES / LBI - 1710 / 11-2-21 1325.00 610.7 25487 Books
    Reference JRU Library JRU Library SHELF-4-A 18/02/2021 PURCHES / LBI - 1710 / 11-2-21 1325.00 610.7 25488 Books
    PHARMACY JRU Library JRU Library Shelf - 21- E 25/02/2022 PURCHASE 1350.00 610.7 26642 Books
    PHARMACY JRU Library JRU Library Shelf - 21- E 25/02/2022 PURCHASE 1350.00 610.7 26643 Books